Islands That Start with A - Statistics

General Stats
  • This quiz has been taken 52 times
    26 since last reset
  • The average score is 9 of 15
Answer Stats
Hint Island % Correct
In San Francisco Bay, once home to a federal prison Alcatraz
91%
The other main island in this Caribbean country is Barbuda Antigua
91%
Dutch island in the Caribbean, part of the ABC islands Aruba
87%
Portuguese archipelago in the Atlantic Azores
83%
Along with the Nicobar Islands, form part of an Indian union territory {Andaman} Islands
78%
British overseas territory in the Caribbean Anguilla
74%
Finnish archipelago; most people here speak Swedish {Åland} Islands
70%
Largest island in the world starting with 'A', in Antarctica, named after the reigning Russian Tsar in 1821 Alexander
70%
Chain of volcanic islands off the Alaskan mainland {Aleutian} Islands
65%
U.S. territory in the South Pacific American Samoa
65%
South Atlantic island, part of the British territory of St Helena, _______ and Tristan da Cunha Ascension
57%
Northernmost inhabited Channel Island, part of the Bailiwick of Guernsey Alderney
48%
French island in the Indian Ocean named by a Dutch mariner Île {Amsterdam}
30%
Largest archipelago in the Bahamas Andros
26%
7th largest U.S. island, named by George Vancouver of the Royal Navy for his employers Admiralty
13%
No matching quizzes found
Score Distribution
Percent of People with Each Score
Percentile by Number Answered
Your Score History
You have not taken this quiz since the last reset